Premier League Goalscorers 2024/2025: Gameweek 20 - Statistics

General Stats
  • This quiz has been taken 49 times
  • The average score is 26 of 32
Answer Stats
Fixture Club Score Goalscorer % Correct
Tottenham v Newcastle Newcastle 2-1 Alexander Isak
100%
Manchester City v West Ham Manchester City 2-0 Erling Haaland
97%
Manchester City v West Ham Manchester City 3-0 Erling Haaland
97%
Liverpool v Manchester United Liverpool 2-1 Mohamed Salah
97%
Wolves v Nottingham Forest Nottingham Forest 2-0 Chris Wood
95%
Tottenham v Newcastle Newcastle 1-1 Anthony Gordon
92%
Crystal Palace v Chelsea Chelsea 1-0 Cole Palmer
92%
Tottenham v Newcastle Tottenham 1-0 Dominic Solanke
92%
Liverpool v Manchester United Manchester United 2-2 Amad Diallo
87%
Southampton v Brentford Brentford 2-0 Bryan Mbeumo
87%
Southampton v Brentford Brentford 3-0 Bryan Mbeumo
87%
Liverpool v Manchester United Liverpool 1-1 Cody Gakpo
87%
Manchester City v West Ham Manchester City 4-0 Phil Foden
87%
Crystal Palace v Chelsea Crystal Palace 1-1 Jean-Philippe Mateta
85%
Liverpool v Manchester United Manchester United 1-0 Lisandro Martinez
85%
Wolves v Nottingham Forest Nottingham Forest 1-0 Morgan Gibbs-White
85%
Southampton v Brentford Brentford 5-0 Yoane Wissa
85%
Brighton v Arsenal Brighton 1-1 Joao Pedro
82%
Fulham v Ipswich Ipswich 2-1 Liam Delap
82%
Fulham v Ipswich Fulham 1-1 Raul Jimenez
79%
Fulham v Ipswich Fulham 2-2 Raul Jimenez
79%
Manchester City v West Ham West Ham (OG) 1-0 Vladimir Coufal
74%
Southampton v Brentford Brentford 1-0 Kevin Schade
69%
Aston Villa v Leicester Aston Villa 2-1 Leon Bailey
69%
Manchester City v West Ham West Ham 4-1 Niclas Fullkrug
69%
Brighton v Arsenal Arsenal 1-0 Ethan Nwaneri
67%
Fulham v Ipswich Ipswich 1-0 Sammie Szmodics
67%
Bournemouth v Everton Bournemouth 1-0 David Brooks
64%
Aston Villa v Leicester Aston Villa 1-0 Ross Barkley
64%
Aston Villa v Leicester Leicester 1-1 Stephy Mavididi
64%
Southampton v Brentford Brentford 4-0 Keane Lewis-Potter
62%
Wolves v Nottingham Forest Nottingham Forest 3-0 Taiwo Awoniyi
62%
No matching quizzes found
Score Distribution
Percent of People with Each Score
Percentile by Number Answered
Your Score History
You have not taken this quiz